| 000 | 01585nam a2200241Ia 4500 | ||
|---|---|---|---|
| 003 | OSt | ||
| 005 | 20210518095606.0 | ||
| 008 | 210310s1973 mx gr 001 0 spa d | ||
| 040 |
_aCO-JMCR _cCO-JMCR |
||
| 041 | 1 |
_aspa _heng |
|
| 082 | 0 | 4 |
_a334.068 / _bC778a _223 |
| 110 | 2 |
_aThe Cooperative League of the E.U.A. _937662 |
|
| 245 | 1 | 0 |
_aAdministración moderna de cooperativas / _cThe Cooperative League of the E.U.A. |
| 260 |
_aMéxico : _bEditorial Roble : Centro regional de Ayuda Técnica Agencia para el Desarrollo Internacional (A.I.D), _c1973 |
||
| 300 |
_axvi, 609 páginas ; _c22 cm. |
||
| 500 | _aIncluye índice analítico. Título original: A Guide to modern management for cooperatives | ||
| 504 | _aBibliografía: páginas 558-563 | ||
| 505 | 0 | _a¿Qué es la administración moderna? -- Planteamiento: cómo se hace -- Planteamiento: objetivos y metas -- Políticas de planeamiento -- Organización de la estructura de la empresa -- Organización del personal superior -- Dirección del personal superior -- Coordinación de las operaciones -- Coordinación del personal -- Control -- Puntos de vista de la administración eficaz -- Características personales del ejecutivo -- Administración y desarrollo de sí mismo -- Auditoría y evaluación de la administración -- Relaciones entre administrador y junta directiva de las cooperativas -- Mantenimiento de buenas relaciones públicas -- Administración financiera | |
| 546 | _aTraducido del inglés. | ||
| 650 | 1 | 4 |
_aCooperativas _915432 _xAdministración |
| 650 | 2 | 4 |
_aCooperativas _937663 |
| 942 |
_2ddc _cBK |
||
| 999 |
_c7778 _d7778 |
||